000 01289namaa22003131i 4500
005 20260506110344.0
008 260506s1994 ua a|||frm||| 000 0 eng d
040 _aEG-GICUC
_beng
_cEG-GICUC
_dEG-GICUC
_erda
041 0 _aeng
_beng
_bara
049 _aDeposite
097 _aM.Sc
099 _aCai01.11.28.M.Sc.1994.Mo.S.
100 0 _aFatma EL Heneidy,
_epreparation.
245 1 0 _aSpectrum And Frequency Of Pediatric Illness Presenting To A General Pediatric Hospital Emergency Room /
_cBy Fatma EL Heneidy; Supervisors Prof.Dr. Fatma EL Heneidy, Dr. Hala Fouad.
246 1 5 _aدراسة عن أمراض الأطفال المترددين على قسم الطوارئ بمستشفى الأطفال /
264 0 _c1994.
300 _a118 pages :
_billustrations ;
_c30 cm. +
336 _2rda content
_atext
337 _2rdamedia
_aUnmediated
338 _2rdacarrier
_avolume
502 _aThesis (M.Sc.)-Cairo University, 1994.
504 _aBibliography: pages 110-118.
653 0 _aPedictrics
700 0 _aFatma EL Heneidy
_ethesis advisor.
700 0 _aHala Fouad
_ethesis advisor.
900 _DDepartment of Pedictrics
_FFaculty of Medicine
_UCairo University
_b1994
_cFatma EL Heneidy
_cHala Fouad
905 _aEman El gebaly
942 _2ddc
_cTH
_e21
_n0
999 _c180018